Midnight memories -all songs- - Statistics

General Stats
  • This quiz has been taken 90 times
  • The average score is 12 of 18
Answer Stats
Midnight memories Answer % Correct
4. midnight memories
90%
1. best song ever
88%
5. diana
86%
8. happily
79%
10. little black dress
76%
2. story of my life
74%
13. little white lies
71%
3. you & i
71%
6. don't forget where you belong
69%
11. through the dark
69%
7. strong
67%
17. alive
64%
9. right now
62%
18. half a heart
60%
14. better than words
55%
15. why don't we go there
52%
12. something great
50%
16. does he know
48%
No matching quizzes found
Score Distribution
Percent of People with Each Score
Percentile by Number Answered
Your Score History
You have not taken this quiz